00504nam a22001697a 450000500170000001000170001702000110003403500170004503700220006208200080008410000290009224500730012125000120019426000400020627000630024630000250030920100903111450.0 aB-410251-286 c375.00 aB-410251-286 bDisha Publication a510 aSrivastava, Er. Anoop K. aDisha's IIT-JEE mathematics challenger /cby Er. Anoop K. Srivastava a6th ed  aNew DelhibDisha Publicationsc2010 aB-32, Shivalik Main Road, Malviya NagarbNew Delhie110017 a775p.:c28 cm. (Pbk)